| 000 | 01035nam1a2200301 i 4500 | ||
|---|---|---|---|
| 001 | RU\NLR\bibl\383778 | ||
| 005 | 20241105183939.0 | ||
| 035 | _a(NLR Aleph) 000378167 | ||
| 090 |
_a438620 _c438620 |
||
| 100 | _a20030401g20029999u y0rusy50 ca | ||
| 101 | 0 | _arus | |
| 102 | _aRU | ||
| 105 | _aa z ||||| | ||
| 200 | 1 |
_aRammstein _e[О культовой нем. танцев.-метал. группе _eСб. _fАвт.-сост.: Жак Ю. Тати] |
|
| 210 |
_aМ. _cСкит интернешнл _d2002 |
||
| 215 | _d20 | ||
| 463 | 0 | _1001373161 | |
| 463 | 0 | _10011226112 | |
| 601 | 0 | 2 |
_a"Раммштайн", группа _cФРГ _2psbo _3RU\NLR\auth\6610037374 |
| 601 | 0 | 2 |
_a"Раммштайн", группа _cФРГ _92244504 _3RU\NLR\auth\661346623 |
| 686 | _aЩ364.13(4Ф)6-68"Раммштайн" | ||
| 686 | _aЩ319.41(3) | ||
| 702 | 1 |
_aТати _bЖ. Ю. _gЖак Ю _4220 |
|
| 801 | 0 |
_aRU _bNLR _c20030401 _gPSBO |
|
| 801 | 1 |
_aRU _bNLR _c20030401 |
|
| 852 |
_aNLR _j2003-3/5270 |
||
| 942 | _cBOOK | ||